Library Banner

Arab kingdom of Al-Mansurah in Sindh (Record no. 67529)

MARC details
000 -LEADER
fixed length control field 00392nam a22001457a 4500
005 - DATE AND TIME OF LATEST TRANSACTION
control field 20150305125644.0
008 - FIXED-LENGTH DATA ELEMENTS--GENERAL INFORMATION
fixed length control field 150305b xxu||||| |||| 00| 0 eng d
040 ## - CATALOGING SOURCE
Transcribing agency PK-LaUMT
082 ## - DEWEY DECIMAL CLASSIFICATION NUMBER
Classification number KHC 954.918
Item number MUM-A
100 ## - MAIN ENTRY--PERSONAL NAME
Personal name Mumtaz Husain
245 ## - TITLE STATEMENT
Title Arab kingdom of Al-Mansurah in Sindh
Statement of responsibility, etc Mumtaz Husain
260 ## - PUBLICATION, DISTRIBUTION, ETC. (IMPRINT)
Place of publication, distribution, etc Sindh
Name of publisher, distributor, etc Institute of Sindhology
Date of publication, distribution, etc 1974
300 ## - PHYSICAL DESCRIPTION
Extent 216 p.
942 ## - ADDED ENTRY ELEMENTS (KOHA)
Koha item type Books
Holdings
Withdrawn status Lost status Damaged status Home library Current library Date acquired Full call number Barcode Date last seen Price effective from Koha item type
      UMT Main Campus UMT Main Campus 2015-03-05 KHC 954.918 MUM-A 73906 2015-03-05 2015-03-05 Books